Financement et gestion financière de l'éducation en Afrique (Record no. 41974)
[ view plain ]
| 000 -LEADER | |
|---|---|
| fixed length control field | 00911 a2200277 4500 |
| 037 ## - SOURCE OF ACQUISITION | |
| Source of stock number/acquisition | 1, Achat |
| 037 ## - SOURCE OF ACQUISITION | |
| Stock number | DE 8888 |
| 111 ## - VEDETTE PRINCIPALE -NOM DE REUNION | |
| Date of meeting | 12-14/10/1997 |
| 111 ## - VEDETTE PRINCIPALE -NOM DE REUNION | |
| Location of meeting | Dakar, Sénégal |
| 100 ## - VEDETTE PRINCIPALE - NOM DE PERSONNE | |
| Language of a work | Fr |
| 111 ## - VEDETTE PRINCIPALE -NOM DE REUNION | |
| Meeting name or jurisdiction name as entry element | Séminaire panafricain [sur le thème] <<Financement et gestion financière de l'éducation en Afrique>> |
| 260 ## - PUBLICATION, DISTRIBUTION, ETC. (IMPRINT) | |
| Place of publication, distribution, etc | Dakar |
| 260 ## - PUBLICATION, DISTRIBUTION, ETC. (IMPRINT) | |
| Name of publisher, distributor, etc | Conseil pour le développement de la recherche en sciences sociales en Afrique |
| 245 ## - TITLE STATEMENT | |
| Title | Financement et gestion financière de l'éducation en Afrique |
| 260 ## - PUBLICATION, DISTRIBUTION, ETC. (IMPRINT) | |
| Date of publication, distribution, etc | 1999 |
| 300 ## - PHYSICAL DESCRIPTION | |
| Extent | 189 p. |
| 300 ## - PHYSICAL DESCRIPTION | |
| Other physical details | 22cm |
| 440 ## - SERIES STATEMENT/ADDED ENTRY--TITLE | |
| International Standard Serial Number | 0850-6736 |
| 630 ## - SUBJECT ADDED ENTRY--UNIFORM TITLE | |
| Uniform title | 65 - Gestion et organisation de lindustrie, du commerce, de la communication et des transports |
| 650 ## - SUBJECT ADDED ENTRY--TOPICAL TERM | |
| Topical term or geographic name as entry element | 6 - SCIENCES APPLIQUEES |
| 650 ## - SUBJECT ADDED ENTRY--TOPICAL TERM | |
| Topical term or geographic name as entry element | Education : financement |
| 650 ## - SUBJECT ADDED ENTRY--TOPICAL TERM | |
| Topical term or geographic name as entry element | Education : gestion financière |
| 700 ## - ADDED ENTRY--PERSONAL NAME | |
| Personal name | éd., Noumon, Rémy Coffi |
| Withdrawn status | Lost status | Damaged status | Not for loan | Location (home branch) | Sublocation or collection (holding branch) | Date acquired | Koha issues (times borrowed) | Koha full call number | Koha date last seen | Price effective from | Koha item type |
|---|---|---|---|---|---|---|---|---|---|---|---|
| Bibliothèque Universitaire Centrale | Bibliothèque Universitaire Centrale | 28/02/2009 | 658.15 : 37 NOU | 28/02/2009 | 28/02/2009 | Livre |